Rois et reines d'Espagne - Statistiques

Statistiques générales
  • Ce quiz a été pris 12 410 fois
  • Le résultat moyen est 5 sur 10
Statistiques - réponses
Nom % Correct
Philippe
88%
Charles
84%
Louis
70%
Juan Carlos
66%
Isabelle
58%
Ferdinand
48%
Alphonse
39%
Joseph
37%
Jeanne
25%
Amédée
20%
Aucun quiz correspondant
Distribution des résultats
% des personnes avec chaque résultat
Percentile par nombre de réponses
Votre historique - résultats
Vous n’avez pas pris ce quiz